Kế toán đại cương

সংরক্ষণ করুন:
গ্রন্থ-পঞ্জীর বিবরন
প্রধান লেখক: Phạm, Ngọc Thúy
বিন্যাস: গ্রন্থ
ভাষা:Undetermined
প্রকাশিত: Thành phố Hồ Chí Minh Đại Học Quốc Gia Thành phố Hồ Chí Minh 2005
বিষয়গুলি:
ট্যাগগুলো: ট্যাগ যুক্ত করুন
কোনো ট্যাগ নেই, প্রথমজন হিসাবে ট্যাগ করুন!
Thư viện lưu trữ: Trung tâm Học liệu Trường Đại học Cần Thơ
LEADER 00566nam a2200193Ia 4500
001 CTU_120439
008 210402s9999 xx 000 0 und d
020 |c 25500 
082 |a 657 
082 |b Th523 
100 |a Phạm, Ngọc Thúy 
245 0 |a Kế toán đại cương 
245 0 |c Phạm Ngọc Thúy 
260 |a Thành phố Hồ Chí Minh 
260 |b Đại Học Quốc Gia Thành phố Hồ Chí Minh 
260 |c 2005 
650 |a Accounting 
904 |i Minh 
980 |a Trung tâm Học liệu Trường Đại học Cần Thơ